000
00332nam a22001457a 4500
008
230412b ||||| |||| 00| 0 eng d
020
_a
9780840065551
041
_a
eng
080
_2
INSTRUCTOR EDITION
_a
51
082
_a
51BER
100
_a
20
101
_a
MATE
245
_a
FINITE WHAT'S INSIDE
_c
BERRESFORD
942
_2
udc
_c
BK
999
_c
59515
_d
59515